Les oscillations électriques (Record no. 162361)

MARC details
000 -LEADER
campo de control de longitud fija 00911nam a22002175i 4500
001 - NÚMERO DE CONTROL
campo de control 162361
003 - IDENTIFICADOR DE NÚMERO DE CONTROL
campo de control ES-MaACL
005 - FECHA Y HORA DE LA ÚLTIMA TRANSACCIÓN
campo de control 20250824092150.0
008 - DATOS DE LONGITUD FIJA--INFORMACIÓN GENERAL
campo de control de longitud fija 041112s1894 fr |||| | fre d
040 ## - FUENTE DE CATALOGACIÓN
Centro catalogador/agencia de origen CAM
Lengua de catalogación spa
Centro/agencia transcriptor CAM
100 1# - ENTRADA PRINCIPAL--NOMBRE DE PERSONA
Nombre de persona Poincaré, Henri.
9 (RLIN) 92751
245 14 - MENCIÓN DEL TÍTULO
Título Les oscillations électriques
Resto del título : leçons professées pendant le premier semestre 1892-1893 /
Mención de responsabilidad, etc. par H. Poincaré ; rédigées par Ch. Maurain.
260 ## - PUBLICACIÓN, DISTRIBUCIÓN, ETC.
Lugar de publicación, distribución, etc. Paris :
Nombre del editor, distribuidor, etc. Gauthier-Villars, imprimeur-libraire,
Fecha de publicación, distribución, etc. 1894.
300 ## - DESCRIPCIÓN FÍSICA
Extensión 343 p. ;
Dimensiones 25 cm.
490 1# - MENCIÓN DE SERIE
Mención de serie Cours de la Faculté des Sciences de Paris. Cours de physique mathèmatique
650 #4 - PUNTO DE ACCESO ADICIONAL DE MATERIA--TÉRMINO DE MATERIA
Término de materia o nombre geográfico como elemento de entrada Ondas electromagnéticas.
9 (RLIN) 136618
700 1# - ENTRADA AGREGADA--NOMBRE PERSONAL
Nombre de persona Maurain, Charles
9 (RLIN) 79226
830 0# - PUNTO DE ACCESO ADICIONAL DE SERIE-TÍTULO UNIFORME
Título uniforme Cours de la Faculté des Sciences de Paris. Cours de physique mathèmatique
9 (RLIN) 188390
852 ## - LOCALIZACIÓN
Ubicación ES-MaACL
Número de control de estantería G-5852
Nota libre -- Enc. hol., conservando la cub. original
Holdings
Estatus retirado Estado de pérdida Estado de daño No para préstamo Colección Biblioteca de origen Biblioteca actual Ubicación en estantería Fecha de adquisición Fuente de adquisición Total de préstamos Signatura topográfica completa Código de barras Visto por última vez Precio de reemplazo Tipo de ítem Koha
        Libros del s. XIX Biblioteca del Ateneo de Madrid Biblioteca del Ateneo de Madrid Depósito 2 17/01/2008     G-5852 1170096 23/02/2023 23/02/2023 Libro impreso antiguo